Origine des noms des Prix littéraires français (4) - Statistiques

Statistiques générales
  • Ce quiz a été pris 4 fois
  • Le résultat moyen est 11 sur 28
Statistiques - réponses
Hint Extra Hint Réponse % Correct
Commerçant, navigateur et explorateur italien 1454-1512 1990 Amerigo Vespucci
100%
Réalisateur, producteur, scénariste, dialoguiste et acteur français 1930-2010 2011 Claude Chabrol
100%
Femme de lettres française 1935-2004 2010 Françoise Sagan
100%
Maîtresse et favorite du roi Henri IV 1573-1599 1986 Gabrielle d'Estrées
100%
Ecrivain, journaliste et correspondant de guerre américain 1899-1961 2005 Hemingway
100%
Journaliste, historien, essayiste, biographe, scénariste, homme de radio et de télévision et ministre français, membre de l'Académie française 1925-2016 1999 Alain Decaux
67%
Tibétologue, chanteuse lyrique, féministe, journaliste, écrivaine, exploratrice et bouddhiste française 1868-1969 1986 Alexandra David-Néel
67%
Millionnaire romain grand amateur des plaisirs de la table -25/37 2013 Apicius
67%
Imprimeur et inventeur allemand 1400-1468 1985 Gutenberg
67%
Personnage légendaire, prophète, magicien de la littérature médiévale 2002 Merlin
67%
Ecrivain et scénariste français 1927-1983 1990 René Fallet
67%
Roi de Pologne, grand-duc de Lituanie, duc de Lorraine et de Bar 1677-1766 2016 Stanislas
67%
Ecrivain et scénariste français 1906-1989 1989 Charles Exbrayat
33%
Chef d'entreprise français 1965-2011 2022 Stéphane Frantz di Rippel
33%
Peintre, architecte et écrivain italien 1511-1574 1986 Vasari
33%
Historien français 1807-1836 1991 Achille Allier
0%
Médecin psychiatre français 1914-1989 1992 Charles Brisset
0%
Homme de lettres français 1883-1984 1983 Charles Oulmont
0%
Ecrivain, éditeur et journaliste français 1947-2020 2022 Denis Tillinac
0%
Médecin, historien de l'art et essayiste français 1873-1937 1980 Elie Faure
0%
Industriel et collectionneur français 1836-1918 2017 Emile Guimet
0%
Ecrivain français 1914-1995 1990 Emmanuel Roblès
0%
Peintre, graveur et sculpteur français 1926-2016 2016 François Morellet
0%
Journaliste et essayiste français1920-1997 1998 Louis Pauwels
0%
Chef d'entreprise et homme d'affaires français 1923-1990 1976 Lucien Barrière
0%
Journaliste, professeur et écrivain français 1895-1975 1977 Pierre Lafue
0%
Journaliste, médecin et philanthrope français 1586-1653 1926 Renaudot
0%
Ecrivain franco-belge 1856-1940 1980 Rosny aîné
0%
Aucun quiz correspondant
Distribution des résultats
% des personnes avec chaque résultat
Percentile par nombre de réponses
Votre historique - résultats
Vous n’avez pas pris ce quiz